Productivity and technical change
Gorde:
| Egile nagusia: | |
|---|---|
| Formatua: | Liburua |
| Hizkuntza: | Undetermined |
| Argitaratua: |
Cambridge
Cambridge University Press
1969
|
| Gaiak: | |
| Etiketak: |
Etiketa erantsi
Etiketarik gabe, Izan zaitez lehena erregistro honi etiketa jartzen!
|
| Thư viện lưu trữ: | Trung tâm Học liệu Trường Đại học Cần Thơ |
|---|
| LEADER | 00513nam a2200181Ia 4500 | ||
|---|---|---|---|
| 001 | CTU_86181 | ||
| 008 | 210402s9999 xx 000 0 und d | ||
| 082 | |a 338.01 | ||
| 082 | |b S177 | ||
| 100 | |a Salter, W. E. G. | ||
| 245 | 0 | |a Productivity and technical change | |
| 245 | 0 | |c W. E. G. Salter | |
| 260 | |a Cambridge | ||
| 260 | |b Cambridge University Press | ||
| 260 | |c 1969 | ||
| 650 | |a Labor productivity,Technology innovations | ||
| 904 | |i Năm | ||
| 980 | |a Trung tâm Học liệu Trường Đại học Cần Thơ | ||